[Event "zonal 3.1 (w)"]
[Site "Madras IND"]
[Date "1995.04.??"]
[Round "7"]
[White "Khanam, Afroza"]
[Black "Navabi, Shirin"]
[Result "1/2-1/2"]
[WhiteElo "2010"]
[BlackElo "2000"]
[EventDate "1995.04.16"]
[PlyCount "122"]

1.d4 Nf6 2.Nf3 e6 3.e3 b6 4.Bd3 Bb7 5.Nbd2 c5 6.b3 Nc6 7.Bb2 cxd4 8.exd4 
Nb4 9.Be2 Rc8 10.c3 Nbd5 11.c4 Nf4 12.Bf1 Be7 13.g3 Ng6 14.Bg2 d6 15.O-O 
O-O 16.Re1 Re8 17.Bh3 d5 18.Qe2 dxc4 19.bxc4 Rc7 20.Ng5 Bb4 21.Red1 Ba6 
22.Ngf3 Nd5 23.Rac1 Qe7 24.Qd3 Nf6 25.Qb3 Bb7 26.Re1 Bxf3 27.Nxf3 Bxe1 28.
Rxe1 Qd8 29.Bf1 Rb7 30.Ba3 Ne7 31.Rb1 Nc6 32.Qb2 Rd7 33.Rd1 Qc7 34.Qc3 
Red8 35.Bb2 Ne4 36.Qe3 Nf6 37.Qg5 h6 38.Qe3 Ng4 39.Qe4 Nf6 40.Qe3 Ng4 41.
Qe4 Nf6 42.Qe3 a6 43.Qc3 Ne4 44.Qa3 Na5 45.Qd3 Nc5 46.Qc2 Ncb7 47.Re1 Rc8 
48.Rc1 Nc6 49.Qc3 f5 50.d5 exd5 51.cxd5 Na7 52.Qd3 Qd8 53.Rxc8 Nxc8 54.
Qxf5 Rf7 55.Qe6 Nc5 56.Qg4 Qd7 57.Bh3 Qxg4 58.Bxg4 Nd6 59.Be5 Nf5 60.Bd4 
Re7 61.Ne5 Nd6 1/2-1/2

[Event "zonal 3.1 (w)"]
[Site "Madras IND"]
[Date "1995.04.??"]
[Round "7"]
[White "Thipsay, Bagyashree Sathe"]
[Black "Saritha, Bindu"]
[Result "1-0"]
[WhiteElo "2200"]
[BlackElo "2090"]
[EventDate "1995.04.16"]
[PlyCount "101"]

1.e4 e6 2.d4 d5 3.e5 c5 4.c3 Nc6 5.Nf3 Bd7 6.Be2 f6 7.O-O fxe5 8.Nxe5 Nxe5
9.dxe5 Bc6 10.c4 d4 11.Bd3 Qd7 12.Bg5 Nh6 13.Nd2 Nf7 14.Bh4 Be7 15.Bg3 
O-O-O 16.Qe2 g6 17.a3 Kb8 18.Rfb1 a5 19.Ne4 b6 20.Nd6 Nxd6 21.exd6 Bxd6 
22.b4 Bxg3 23.hxg3 Kc7 24.Rb2 a4 25.Rab1 cxb4 26.Rxb4 Rb8 27.Qb2 e5 28.
Rxb6 Rxb6 29.Qxb6+ Kd6 30.Rb5 Ke7 31.Rxe5+ Kf7 32.Ra5 Ra8 33.Rc5 Rc8 34.
Qb4 Re8 35.Ra5 Qg4 36.Ra7+ Kg8 37.c5 Qd1+ 38.Bf1 Re1 39.Qc4+ Kh8 40.Rc7 
Bd5 41.Qa6 Rxf1+ 42.Qxf1 Qd2 43.Qb1 Bb3 44.Qe4 Qd1+ 45.Kh2 Qh5+ 46.Qh4 
Qxh4+ 47.gxh4 d3 48.Rd7 Bc4 49.c6 Bb5 50.Rd8+ Kg7 51.c7 1-0

[Event "zonal 3.1 (w)"]
[Site "Madras IND"]
[Date "1995.04.??"]
[Round "8"]
[White "Saritha, Bindu"]
[Black "Mohota, Nisha"]
[Result "1/2-1/2"]
[WhiteElo "2090"]
[BlackElo "2000"]
[EventDate "1995.04.16"]
[PlyCount "101"]

1.d4 d5 2.c4 c6 3.Nf3 Nf6 4.Nc3 e6 5.cxd5 cxd5 6.Bf4 Nc6 7.e3 Bd6 8.Bg5 
O-O 9.Be2 b6 10.O-O Bb7 11.Rc1 Rc8 12.Qa4 Be7 13.Ba6 Bxa6 14.Qxa6 Nb4 15.
Qb5 a6 16.Qe2 b5 17.Ne5 Nc6 18.Nxb5 Na5 19.Na7 Ra8 20.Nac6 Nxc6 21.Nxc6 
Qd7 22.Nxe7+ Qxe7 23.Rc6 Qb7 24.Rfc1 Rac8 25.Rxc8 Rxc8 26.Rxc8+ Qxc8 27.
Bxf6 gxf6 28.Qd2 Qc4 29.a3 Kg7 30.h3 Kg6 31.Qc3 Qe2 32.b3 Qd1+ 33.Kh2 Qe2 
34.f3 h5 35.b4 Qc4 36.Qb2 Qb5 37.Qc2+ Kg7 38.Qb3 Qc4 39.Qb2 Qb5 40.Kg3 Qa4
41.Qc3 Qd1 42.e4 e5 43.dxe5 d4 44.exf6+ Kxf6 45.Qc6+ Kg7 46.Qd5 d3 47.Qg5+
Kf8 48.Qd8+ Kg7 49.Qg5+ Kf8 50.Qd8+ Kg7 51.Qg5+ 1/2-1/2

[Event "zonal 3.1 (w)"]
[Site "Madras IND"]
[Date "1995.04.??"]
[Round "8"]
[White "Khanam, Afroza"]
[Black "Thipsay, Bagyashree Sathe"]
[Result "1/2-1/2"]
[WhiteElo "2000"]
[BlackElo "2200"]
[EventDate "1995.04.16"]
[PlyCount "92"]

1.d4 Nf6 2.Nf3 g6 3.e3 Bg7 4.c3 O-O 5.Bd3 d5 6.Nbd2 Nbd7 7.O-O c6 8.e4 
dxe4 9.Nxe4 Nxe4 10.Bxe4 Qb6 11.Re1 Re8 12.Qc2 e5 13.dxe5 Nxe5 14.Nxe5 
Bxe5 15.Bd2 Bd7 16.Rad1 Bg4 17.Ra1 Qc7 18.h3 Be6 19.Rad1 Rad8 20.Bg5 Rxd1 
21.Rxd1 Qa5 22.f4 Bg7 23.a3 Qb6+ 24.Qf2 Bb3 25.Qxb6 axb6 26.Rd8 Kf8 27.Kf1
b5 28.Ke2 f5 29.Rxe8+ Kxe8 30.Bf3 Kd7 31.Kd3 Ke6 32.Bd8 Bd5 33.Bxd5+ Kxd5 
34.b3 Bf8 35.c4+ bxc4+ 36.bxc4+ Ke6 37.a4 Bd6 38.Bg5 Bc5 39.Bd8 Bf2 40.Bc7
h6 41.Kc3 g5 42.fxg5 hxg5 43.Kb4 g4 44.hxg4 fxg4 45.Kc3 Kf5 46.Kd3 Bc5 
1/2-1/2

[Event "zonal 3.1 (w)"]
[Site "Madras IND"]
[Date "1995.04.??"]
[Round "8"]
[White "Navabi, Shirin"]
[Black "Parveen, Seyda Shabana"]
[Result "0-1"]
[WhiteElo "2000"]
[BlackElo "2105"]
[EventDate "1995.04.16"]
[PlyCount "108"]

1.c4 Nf6 2.Nf3 c5 3.Nc3 Nc6 4.d4 cxd4 5.Nxd4 g6 6.e4 d6 7.Be2 Bg7 8.Be3 
O-O 9.O-O Bd7 10.Rc1 Nxd4 11.Bxd4 Bc6 12.Bf3 Nd7 13.Bxg7 Kxg7 14.Qd4+ Kg8 
15.Nd5 e5 16.Qd2 Nc5 17.g3 Ne6 18.Bg2 Nd4 19.Nb4 Qb6 20.b3 Rad8 21.Nc2 Ne6
22.Ne3 Qd4 23.Rcd1 Qxd2 24.Rxd2 f5 25.exf5 gxf5 26.Nc2 Ng5 27.Bd5+ Kg7 28.
f4 exf4 29.gxf4 Ne4 30.Rg2+ Kf6 31.Bxc6 bxc6 32.Nb4 Rc8 33.Rf3 a5 34.Nd3 
Rg8 35.Re3 Rg6 36.Rxg6+ hxg6 37.Rh3 Kg7 38.Kf1 Re8 39.Nf2 Nd2+ 40.Kg2 Re2 
41.Kg1 Re1+ 42.Kg2 Re2 43.Kg1 Ne4 44.Nxe4 fxe4 45.a3 d5 46.cxd5 cxd5 47.
Rc3 d4 48.Kf1 Rxh2 49.Rc4 Rd2 50.Ke1 e3 51.b4 axb4 52.axb4 Kf6 53.Rc5 Rb2 
54.Rc4 d3 0-1

[Event "zonal 3.1 (w)"]
[Site "Madras IND"]
[Date "1995.04.??"]
[Round "8"]
[White "Shirazi, Jafari"]
[Black "Gokhale, Anupama"]
[Result "0-1"]
[WhiteElo "2000"]
[BlackElo "2145"]
[EventDate "1995.04.16"]
[PlyCount "92"]

1.d4 Nf6 2.Nf3 g6 3.Bg5 Bg7 4.Nbd2 d5 5.e3 O-O 6.Be2 c5 7.c3 Nbd7 8.Qc2 
Re8 9.e4 dxe4 10.Nxe4 Nxe4 11.Qxe4 cxd4 12.Nxd4 Qa5 13.Bxe7 Bxd4 14.Bb4 
Rxe4 15.Bxa5 Bb6 16.Bxb6 Nxb6 17.Rd1 Bf5 18.f3 Re7 19.Kf2 a6 20.b3 Rae8 
21.Rhe1 Rd7 22.c4 Red8 23.g4 Rxd1 24.Rxd1 Rxd1 25.Bxd1 Be6 26.Ke3 Kf8 27.
Kd4 Ke7 28.Bc2 Nd7 29.Be4 b6 30.b4 Kd6 31.Bb7 a5 32.a3 f6 33.h3 Ne5 34.c5+
bxc5+ 35.bxc5+ Kc7 36.Be4 Nc4 37.a4 Nb2 38.Bc2 Bd7 39.h4 Bxa4 40.Be4 Bc6 
41.Kc3 Na4+ 42.Kc4 Bxe4 43.fxe4 Kc6 44.g5 fxg5 45.hxg5 Nxc5 46.e5 Ne6 0-1

[Event "zonal 3.1 (w)"]
[Site "Madras IND"]
[Date "1995.04.??"]
[Round "8"]
[White "Vijayalakshmi, Subbaraman"]
[Black "Amarawickrama, Nihara"]
[Result "1/2-1/2"]
[WhiteElo "2000"]
[BlackElo "2000"]
[EventDate "1995.04.16"]
[PlyCount "110"]

1.d4 Nf6 2.c4 g6 3.Nc3 Bg7 4.Nf3 d6 5.g3 O-O 6.Bg2 Nbd7 7.O-O e5 8.e4 exd4
9.Nxd4 a5 10.Bg5 h6 11.Bxf6 Nxf6 12.Qc2 Re8 13.Rad1 Bg4 14.Rd2 Qc8 15.Ndb5
Re7 16.Rc1 Bh3 17.Nd5 Nxd5 18.cxd5 Bxg2 19.Kxg2 Qd8 20.Qd3 Rc8 21.Rdc2 Kh7
22.f3 h5 23.Qa3 Bh6 24.Nxd6 Rb8 25.Nb5 Bxc1 26.Rxc1 Ra8 27.Qc3 c6 28.d6 
Rd7 29.Nc7 Rc8 30.e5 Rcxc7 31.dxc7 Qxc7 32.Kf2 Qb6+ 33.Kg2 Qb5 34.Re1 Rd3 
35.Qc1 Qd5 36.Re3 Rd2+ 37.Kh3 Qe6+ 38.g4 hxg4+ 39.Kg3 Qd5 40.Kxg4 Rxh2 41.
Kg3 Rh5 42.Qc3 Qe6 43.Re4 Qh3+ 44.Kf2 Qh2+ 45.Ke3 Qg1+ 46.Kd3 Qd1+ 47.Ke3 
Qg1+ 48.Kd3 Qd1+ 49.Ke3 Qg1+ 50.Kd2 Rh1 51.Re2 Qd1+ 52.Ke3 Qg1+ 53.Kd2 
Qd1+ 54.Ke3 Qg1+ 55.Kd2 Qd1+ 1/2-1/2

[Event "zonal 3.1 (w)"]
[Site "Madras IND"]
[Date "1995.04.??"]
[Round "9"]
[White "Amarawickrama, Nihara"]
[Black "Saritha, Bindu"]
[Result "1/2-1/2"]
[WhiteElo "2000"]
[BlackElo "2090"]
[EventDate "1995.04.16"]
[PlyCount "111"]

1.d4 f5 2.g3 e6 3.Bg2 Nf6 4.Nf3 Be7 5.c4 d6 6.O-O O-O 7.Nc3 Qe8 8.b3 Qh5 
9.Bb2 Nbd7 10.Re1 g5 11.e4 fxe4 12.Nxe4 Nxe4 13.Rxe4 Nf6 14.Re1 c6 15.Rc1 
Bd7 16.c5 g4 17.cxd6 Bxd6 18.Ne5 Qf5 19.Qe2 Rae8 20.Rcd1 Bc8 21.Bc1 Bxe5 
22.dxe5 Nd5 23.Rd4 h5 24.Be4 Nc3 25.Qd2 Nxe4 26.Rexe4 c5 27.Rf4 Qxe5 28.
Rxf8+ Rxf8 29.Rd8 Qf6 30.Rxf8+ Kxf8 31.Bb2 e5 32.Qc3 b6 33.Qxe5 Qxe5 34.
Bxe5 Ke7 35.Bb8 Kd7 36.Kf1 Kc6 37.Ke2 a6 38.Kd3 Kd5 39.Bf4 b5 40.a3 Bf5+ 
41.Kc3 Be4 42.Bb8 Bf3 43.Bf4 Be2 44.Be3 a5 45.b4 cxb4+ 46.axb4 a4 47.Kb2 
Ke4 48.Ka3 Kf3 49.Bc5 Kg2 50.Be3 Kxh2 51.Bc5 Kg2 52.Be3 Bc4 53.Bc5 Kf3 54.
Bd4 Ke4 55.Bc5 Kd3 56.Bb6 1/2-1/2

[Event "zonal 3.1 (w)"]
[Site "Madras IND"]
[Date "1995.04.??"]
[Round "9"]
[White "Gokhale, Anupama"]
[Black "Vijayalakshmi, Subbaraman"]
[Result "1-0"]
[WhiteElo "2145"]
[BlackElo "2000"]
[EventDate "1995.04.16"]
[PlyCount "83"]

1.d4 Nf6 2.c4 g6 3.Nc3 d5 4.e3 Bg7 5.Nf3 O-O 6.Bd2 c6 7.Bd3 Nbd7 8.cxd5 
cxd5 9.O-O Nb6 10.b3 Be6 11.Qe2 Rc8 12.Rfc1 a6 13.Rab1 Qd6 14.a4 Nbd7 15.
a5 Bg4 16.Qe1 Bxf3 17.gxf3 e5 18.Ne2 e4 19.Bb4 Qb8 20.Bxf8 Rxf8 21.fxe4 
dxe4 22.Bc4 h5 23.Qf1 Bh6 24.Qg2 Kh8 25.Ng3 Qe8 26.Kh1 h4 27.Qh3 Bg5 28.
Rg1 Nh7 29.Ne2 Bd8 30.b4 f5 31.Nf4 g5 32.Ne6 Rf6 33.Nxg5 Qf8 34.Nxh7 Kxh7 
35.Rg8 Qe7 36.Rxd8 Qxd8 37.Qxh4+ Kg7 38.Rg1+ Kf8 39.Qh8+ Ke7 40.Rg7+ Rf7 
41.Rxf7+ Kd6 42.Qxd8 1-0

[Event "zonal 3.1 (w)"]
[Site "Madras IND"]
[Date "1995.04.??"]
[Round "9"]
[White "Mohota, Nisha"]
[Black "Khanam, Afroza"]
[Result "1/2-1/2"]
[WhiteElo "2000"]
[BlackElo "2010"]
[EventDate "1995.04.16"]
[PlyCount "25"]

1.d4 e6 2.c4 d5 3.Nc3 Nf6 4.cxd5 exd5 5.Bg5 Be7 6.Nf3 c6 7.e3 O-O 8.Bd3 
Be6 9.Qb3 Qb6 10.Qxb6 axb6 11.O-O Nbd7 12.Ne5 Rfd8 13.f4 1/2-1/2

[Event "zonal 3.1 (w)"]
[Site "Madras IND"]
[Date "1995.04.??"]
[Round "9"]
[White "Thipsay, Bagyashree Sathe"]
[Black "Navabi, Shirin"]
[Result "1-0"]
[WhiteElo "2200"]
[BlackElo "2000"]
[EventDate "1995.04.16"]
[PlyCount "52"]

1.e4 e5 2.Nf3 Nf6 3.d4 Nxe4 4.Bd3 d5 5.Nxe5 Bd6 6.O-O O-O 7.Nd2 Bxe5 8.
dxe5 Nc5 9.Nb3 Nxd3 10.Qxd3 c6 11.Bd2 Nd7 12.Rae1 a5 13.Qg3 Kh8 14.Bc3 Rg8
15.f4 c5 16.f5 d4 17.Bd2 a4 18.Nc1 Nf8 19.c4 Bd7 20.Nd3 b6 21.e6 fxe6 22.
Bg5 Qb8 23.Ne5 h6 24.f6 Kh7 25.f7 Rh8 26.Be7 Qc7 1-0